Welcome to CU Library Online Public Access Catalogue (OPAC)

Accounting information systems : (Record no. 8776)

MARC details
000 -LEADER
fixed length control field 01057cam a22003014a 4500
001 - CONTROL NUMBER
control field 12713680
003 - CONTROL NUMBER IDENTIFIER
control field CU66
005 - DATE AND TIME OF LATEST TRANSACTION
control field 20260219113824.0
008 - FIXED-LENGTH DATA ELEMENTS--GENERAL INFORMATION
fixed length control field 020322s2003 ohua b 001 0 eng
010 ## - LIBRARY OF CONGRESS CONTROL NUMBER
LC control number 2002021710
020 ## - INTERNATIONAL STANDARD BOOK NUMBER
International Standard Book Number 032412998X (alk. paper)
040 ## - CATALOGING SOURCE
Original cataloging agency DLC
Transcribing agency DLC
Modifying agency DLC
042 ## - AUTHENTICATION CODE
Authentication code pcc
050 00 - LIBRARY OF CONGRESS CALL NUMBER
Classification number HF5679
Item number .J595 2003
082 00 - DEWEY DECIMAL CLASSIFICATION NUMBER
Classification number 657/.0285
Edition information 21
100 1# - MAIN ENTRY--PERSONAL NAME
Personal name Jones, Frederick L.
245 10 - TITLE STATEMENT
Title Accounting information systems :
Remainder of title a business process approach /
Statement of responsibility, etc. Frederick L. Jones, Dasaratha V. Rama.
250 ## - EDITION STATEMENT
Edition statement 1st ed.
260 ## - PUBLICATION, DISTRIBUTION, ETC.
Place of publication, distribution, etc. Mason, Ohio :
Name of publisher, distributor, etc. Thomson/South-Western,
Date of publication, distribution, etc. c2003.
300 ## - PHYSICAL DESCRIPTION
Extent xvii, 744 p. :
Other physical details ill. ;
Dimensions 26 cm.
504 ## - BIBLIOGRAPHY, ETC. NOTE
Bibliography, etc. note Includes bibliographical references and index.
650 #0 - SUBJECT ADDED ENTRY--TOPICAL TERM
Topical term or geographic name entry element Accounting
General subdivision Data processing.
650 #0 - SUBJECT ADDED ENTRY--TOPICAL TERM
Topical term or geographic name entry element Information storage and retrieval systems
General subdivision Accounting.
700 1# - ADDED ENTRY--PERSONAL NAME
Personal name Rama, Dasaratha V.
906 ## - LOCAL DATA ELEMENT F, LDF (RLIN)
a 7
b cbc
c orignew
d 1
e ocip
f 20
g y-gencatlg
942 ## - ADDED ENTRY ELEMENTS (KOHA)
Source of classification or shelving scheme Library of Congress Classification
Koha item type Books
Suppress in OPAC No
Holdings
Withdrawn status Lost status Source of classification or shelving scheme Damaged status Not for loan Home library Current library Shelving location Date acquired Total checkouts Full call number Barcode Date last seen Price effective from Koha item type
    Dewey Decimal Classification     Graduate Library (Christ Temple) Graduate Library (Christ Temple) General stacks 02/19/2026   HF 5679 JON gsct00002699 02/19/2026 02/19/2026 Books
    Dewey Decimal Classification     Graduate Library (Christ Temple) Graduate Library (Christ Temple) General stacks 02/19/2026   HF 5679 JON gsct00002700 02/19/2026 02/19/2026 Books
© 2023-2024 Copyright: Central University Libraries. All Rights Reserved | Created by: Mahone Tech Office